[Event "TUR-ch U13/18 Girls"]
[Site "Antalya"]
[Date "2023.01.25"]
[Round "6"]
[White "Karasakal, Deniz"]
[Black "Koyuncu, Haticesu"]
[Result "0-1"]
[WhiteElo "1370"]
[BlackElo "1554"]
[PlyCount "72"]
[EventDate "2023.01.17"]
[EventType "swiss"]
[EventRounds "9"]
[EventCountry "TUR"]
[SourceTitle "EXT 2024"]
[Source "ChessBase"]
[SourceDate "2023.10.10"]
[SourceVersion "1"]
[SourceVersionDate "2023.10.10"]
[SourceQuality "1"]

1. e4 e6 2. d4 d5 3. Nd2 dxe4 4. Nxe4 Nd7 5. Nf3 Ngf6 6. Bd3 Be7 7. 0-0 0-0 8. h3 b6 9. Bf4 Bb7 10. Nxf6+ Nxf6 11. c3 c5 12. dxc5 Bxc5 13. Qe2 a6 14. Rad1 Qc8 15. Ne5 h6 16. Bb1 Be7 17. Rfe1 Rd8 18. Rxd8+ Qxd8 19. Rd1 Qe8 20. f3 Nd5 21. Bc1 f5 22. g4 Bc5+ 23. Kg2 Nf6 24. b4 Bf8 25. gxf5 Bd5 26. c4 Bb7 27. a3 a5 28. b5 Rc8 29. Kh2 Rc5 30. Bb2 Qh5 31. Bd4 Rxe5 32. Bxe5 Bxf3 33. Qd2 Bxd1 34. Bd3 Ng4+ 35. Kg3 Nxe5 36. fxe6 Qg5+ 0-1

[Event "TUR-ch U13/18 Girls"]
[Site "Antalya"]
[Date "2023.01.23"]
[Round "3"]
[White "Karasakal, Deniz"]
[Black "Yilmaz, Gokcen"]
[Result "1/2-1/2"]
[WhiteElo "1370"]
[BlackElo "1869"]
[PlyCount "83"]
[EventDate "2023.01.17"]
[EventType "swiss"]
[EventRounds "9"]
[EventCountry "TUR"]
[SourceTitle "EXT 2024"]
[Source "ChessBase"]
[SourceDate "2023.10.10"]
[SourceVersion "1"]
[SourceVersionDate "2023.10.10"]
[SourceQuality "1"]

1. e4 c5 2. Nf3 d6 3. Bb5+ Bd7 4. Bxd7+ Qxd7 5. c4 Nc6 6. Nc3 g6 7. d4 cxd4 8. Nxd4 Bg7 9. Be3 Nf6 10. f3 0-0 11. 0-0 a6 12. Qd2 Rac8 13. b3 Qc7 14. Nxc6 Qxc6 15. Rac1 Rfe8 16. Rfd1 Qc7 17. Nd5 Nxd5 18. cxd5 Bc3 19. Qf2 Qa5 20. h4 b5 21. Bb6 Qa3 22. Rc2 Ba5 23. Bd4 Bb4 24. Kh2 Rxc2 25. Qxc2 Bc5 26. Bb2 Qa5 27. Qc3 Qxc3 28. Bxc3 Rc8 29. Rd3 b4 30. Bd4 Bxd4 31. Rxd4 a5 32. a3 bxa3 33. Ra4 Rb8 34. Rxa3 Rb5 35. Kg3 Kf8 36. Kf4 f6 37. Ke3 Ke8 38. Kd4 Kd7 39. Kc4 Rc5+ 40. Kd3 Kc7 41. Ra4 Rb5 42. Rc4+ 1/2-1/2

[Event "TUR-chT 2nd League"]
[Site "Konya"]
[Date "2022.08.24"]
[Round "4.4"]
[White "Karasakal, Deniz"]
[Black "Guney, Gamze Nur"]
[Result "0-1"]
[WhiteElo "1499"]
[BlackElo "1743"]
[PlyCount "124"]
[EventDate "2022.08.22"]
[EventType "team-swiss"]
[EventRounds "9"]
[EventCountry "TUR"]
[SourceTitle "CBM 210 Extra"]
[Source "ChessBase"]
[SourceDate "2022.11.30"]
[SourceVersion "1"]
[SourceVersionDate "2022.11.30"]
[SourceQuality "1"]
[WhiteTeam "Sakarya Satranc"]
[BlackTeam "Ortaca Belediye"]
[WhiteTeamCountry "TUR"]
[BlackTeamCountry "TUR"]

1. e4 c5 2. Nc3 g6 3. f4 Bg7 4. Nf3 Nc6 5. Bc4 e6 6. d3 Nge7 7. 0-0 0-0 8. Qe1 a6 9. a4 Rb8 10. Bb3 b5 11. axb5 axb5 12. Be3 c4 13. dxc4 bxc4 14. Bxc4 Rxb2 15. Bb3 Nb4 16. Qd2 d5 17. e5 Nf5 18. Bc5 Re8 19. Bxb4 Qb6+ 20. Qf2 Qxb4 21. Na4 Rxb3 22. cxb3 Qxf4 23. Rfe1 f6 24. g3 Qb4 25. Rab1 fxe5 26. Nxe5 Rf8 27. Qc5 Qb8 28. Nc6 Qc7 29. Kg2 Bb7 30. Na5 d4+ 31. Nxb7 Qxb7+ 32. Kg1 Ne3 33. Rxe3 dxe3 34. Qxe3 Qd5 35. Nb6 Qd4 36. Nc4 Qxe3+ 37. Nxe3 Bd4 38. Re1 Rf3 39. Rd1 Bxe3+ 40. Kg2 Rf2+ 41. Kh3 Re2 42. Rb1 Bd4 43. Rd1 e5 44. Rc1 Rb2 45. Rc8+ Kf7 46. Rb8 Bc5 47. Kg4 h5+ 48. Kf3 Rxh2 49. b4 Be7 50. b5 Rb2 51. Ke4 Ke6 52. Rb6+ Bd6 53. Rb7 Rb4+ 54. Kf3 g5 55. b6 g4+ 56. Kg2 Rb2+ 57. Kf1 e4 58. Rh7 Bxg3 59. Rh8 Kf5 60. Rxh5+ Kf4 61. Rh8 Kf3 62. Rf8+ Bf4 0-1

[Event "TUR-ch U13-U18 Girls"]
[Site "Antalya"]
[Date "2020.01.24"]
[Round "9"]
[White "Karasakal, Deniz"]
[Black "Keskin, Elif"]
[Result "0-1"]
[WhiteElo "1479"]
[BlackElo "1769"]
[PlyCount "76"]
[EventDate "2020.01.19"]
[EventType "swiss"]
[EventRounds "11"]
[EventCountry "TUR"]
[SourceTitle "CBM 195 Extra"]
[Source "ChessBase"]
[SourceDate "2020.05.31"]
[SourceVersion "1"]
[SourceVersionDate "2020.05.31"]
[SourceQuality "1"]

1. e4 c5 2. c3 d5 3. exd5 Qxd5 4. d4 Nc6 5. Nf3 Bf5 6. Be3 Nf6 7. c4 Qd7 8. d5 Nb4 9. Na3 e6 10. Ne5 Qc7 11. Qa4+ Nd7 12. dxe6 Bxe6 13. Bf4 Qc8 14. Rd1 Be7 15. Be2 Nc6 16. Nb5 Ndxe5 17. Bxe5 0-0 18. Nd6 Qc7 19. Bg3 Qb6 20. Rd2 Nd4 21. Nb5 Qc6 22. 0-0 f5 23. f4 Bf6 24. Bf3 Nxf3+ 25. Rxf3 Rfd8 26. Rxd8+ Rxd8 27. Qc2 a6 28. Na3 Qe4 29. Qxe4 fxe4 30. Rf1 Bxb2 31. Nc2 Bxc4 32. Rb1 Bd4+ 33. Nxd4 cxd4 34. Kf2 e3+ 35. Kf3 Bxa2 36. Rd1 Bd5+ 37. Ke2 Bxg2 38. Kd3 b5 0-1

[Event "TUR-chT Clubs"]
[Site "Konya"]
[Date "2019.07.20"]
[Round "7.9"]
[White "Karasakal, Deniz"]
[Black "Unal, Beren"]
[Result "0-1"]
[WhiteElo "1430"]
[BlackElo "1391"]
[PlyCount "114"]
[EventDate "2019.07.16"]
[EventType "team-swiss"]
[EventRounds "9"]
[EventCountry "TUR"]
[SourceTitle "CBM 191 Extra"]
[Source "ChessBase"]
[SourceDate "2019.09.30"]
[SourceVersion "1"]
[SourceVersionDate "2019.09.30"]
[SourceQuality "1"]
[WhiteTeam "Akcakoca Esentepe Okulu"]
[BlackTeam "Afyonkarahisar Basari"]
[WhiteTeamCountry "TUR"]
[BlackTeamCountry "TUR"]

1. e4 c5 2. c3 d5 3. exd5 Qxd5 4. d4 g6 5. Nf3 Bg7 6. Na3 Nf6 7. Nb5 Na6 8. c4 Qe4+ 9. Be3 Ng4 10. Qb3 Nxe3 11. Qxe3 Qxe3+ 12. fxe3 0-0 13. a3 Bd7 14. Rb1 Rfd8 15. Be2 cxd4 16. Nbxd4 Nc5 17. 0-0 Rac8 18. b4 Ne4 19. Bd3 Nf6 20. Ne5 a6 21. h3 Be8 22. Rbd1 Nh5 23. Nef3 Ba4 24. Rd2 e5 25. Ne2 f5 26. Bb1 Rxd2 27. Nxd2 Bh6 28. Kf2 Bc6 29. Nc3 Rd8 30. Rd1 f4 31. e4 Nf6 32. Nd5 Kf7 33. Nf3 Re8 34. Nc3 g5 35. b5 axb5 36. cxb5 Bd7 37. Ba2+ Ke7 38. Nxe5 Rc8 39. Nd5+ Nxd5 40. Bxd5 Rc2+ 41. Kg1 Bxb5 42. Rb1 Ba6 43. Rb6 Bg7 44. Re6+ Kd8 45. Nf7+ Kd7 46. Rd6+ Kc7 47. Be6 Rc1+ 48. Kh2 Bb5 49. Rd8 Kb6 50. Nxg5 Be5 51. Nf3 Bc7 52. Rd4 Be2 53. Rb4+ Ka7 54. Nd4 f3+ 55. g3 f2 56. Bd5 f1Q 57. Rxb7+ Ka6 0-1

[Event "TUR-chT Clubs"]
[Site "Konya"]
[Date "2019.07.18"]
[Round "5.9"]
[White "Tunc, Evin"]
[Black "Karasakal, Deniz"]
[Result "0-1"]
[WhiteElo "1056"]
[BlackElo "1430"]
[PlyCount "86"]
[EventDate "2019.07.16"]
[EventType "team-swiss"]
[EventRounds "9"]
[EventCountry "TUR"]
[SourceTitle "CBM 191 Extra"]
[Source "ChessBase"]
[SourceDate "2019.09.30"]
[SourceVersion "1"]
[SourceVersionDate "2019.09.30"]
[SourceQuality "1"]
[WhiteTeam "Cedid"]
[BlackTeam "Akcakoca Esentepe Okulu"]
[WhiteTeamCountry "TUR"]
[BlackTeamCountry "TUR"]

1. e4 e5 2. Nf3 Nc6 3. Bc4 Bc5 4. c3 Nf6 5. d4 exd4 6. cxd4 Bb4+ 7. Nc3 Nxe4 8. 0-0 Bxc3 9. bxc3 d5 10. Re1 0-0 11. Bb3 Nxc3 12. Qd3 Ne4 13. Ne5 Nxe5 14. dxe5 c6 15. Be3 Bf5 16. f3 Nd6 17. Qe2 Nb5 18. a4 Nc7 19. Rad1 Re8 20. f4 Qd7 21. Qa2 Rad8 22. Bxa7 Na6 23. Bb6 Rc8 24. a5 Nb4 25. Qd2 Nd3 26. Rf1 c5 27. Ra1 Qe6 28. Qe3 c4 29. Bc2 Ra8 30. Rad1 f6 31. Bxd3 Bxd3 32. Rfe1 Be4 33. Ra1 fxe5 34. fxe5 Qg4 35. Ra2 Rxe5 36. Qd4 Rg5 37. g3 h5 38. Qb2 Qf3 39. Rxe4 Qxe4 40. Bd4 Rf8 41. Ra1 h4 42. Qc3 hxg3 43. hxg3 Rf3 0-1